| 000 | 00354nam a22001457a 4500 | ||
|---|---|---|---|
| 003 | SGT | ||
| 020 | _a9789386456250 | ||
| 082 |
_a347.05 _bMAT |
||
| 100 | _aMATHUR , D N | ||
| 245 | _aTHE CODE OF CIVIL PROCEDURE WITH CHAPTER SUMMARY | ||
| 250 | _a4 | ||
| 260 |
_aALLAHABAD _bCENTRAL LAW PUBLICATION _c2021 |
||
| 300 | _aLXXVI ,924 | ||
| 942 |
_2ddc _cBK _02 |
||
| 999 |
_c23013 _d23013 |
||